All 2024 Olympic Medalists: Artistic Swimming - Statistics

General Stats
  • This quiz has been taken 3 times
  • The average score is 6 of 33
Answer Stats
Event Medal Nationality/Team Medalist % Correct
Team Silver USA Daniella Ramirez
67%
Team Bronze Spain Paula Ramirez
67%
Team Silver USA Anita Alvarez
33%
Team Silver USA Calista Liu
33%
Team Gold China Cheng Wentao
33%
Team Gold China Feng Yu
33%
Duet Silver Great Britain Isabelle Thorpe
33%
Team Silver USA Jacklyn Luu
33%
Duet Silver Great Britain Kate Shortman
33%
Team Gold China Wang Ciyue
33%
Duet Gold China Wang Liuyi
33%
Team Gold China Wang Liuyi
33%
Duet Gold China Wang Qianyi
33%
Team Gold China Wang Qianyi
33%
Team Gold China Xiang Binxuan
33%
Team Gold China Xiao Yanning
33%
Team Bronze Spain Alisa Ozhogina
0%
Team Silver USA Audrey Kwon
0%
Team Bronze Spain Blanca Toledano
0%
Duet Bronze Netherlands Bregje de Brouwer
0%
Team Gold China Cheng Hao
0%
Team Bronze Spain Iris Tio
0%
Team Silver USA Jaime Czarkowski
0%
Team Silver USA Keana Hunter
0%
Team Bronze Spain Lilou Lluis Valette
0%
Team Bronze Spain Marina Garcia Polo
0%
Team Silver USA Megumi Field
0%
Team Bronze Spain Meritxell Mas
0%
Duet Bronze Netherlands Noortje de Brouwer
0%
Team Silver USA Ruby Remati
0%
Team Bronze Spain Sara Saldana
0%
Team Bronze Spain Txell Ferre
0%
Team Gold China Zhang Yayi
0%
No matching quizzes found
Score Distribution
Percent of People with Each Score
Percentile by Number Answered
Your Score History
You have not taken this quiz